| Registos Bibliográficos associados ao registo de autoridade |
|
Etiqueta de registo: 00254nam 2200025 450 001 2280176 003 http://id.bnportugal.gov.pt/bib/catbnp/2280176 100 ## $a20260313d2025 k y0pory01030103ba 101 0# $aeng$dpor 102 ## $aPT 105 ## $aa m 000yy 106 ## $ar 200 1# $aBrain S100 proteins as a toolbox of novel chaperones to prevent amyloid aggregation
and toxicity in neurodegeneration$f António José de Jesus Matos Figueira$gorient. Cláudio Emanuel Moreira Gomes 210 #9 $aLisboa$c[s.n.],$d2025 215 ## $aXVII, [1], 188 p.$cil.$d30 cm$ecurrículum vitâe (p. 2) 300 ## $aAcesso não autorizado pelo autor por um período de 3 anos 328 #1 $aTese dout. Bioquímica (Bioquímica Estrutural), Faculdade de Ciências da Universidade
de Lisboa, 2025 675 ## $a577.1(043)$vBN$zpor$3335609 675 ## $a616.894(043)$vBN$zpor$31225753 700 #1 $aFigueira,$bAntónio José de Jesus Matos$31991333 702 #1 $aGomes,$bCláudio Emanuel Moreira,$f1970-$4727$31461852 801 #0 $aPT$bBN$gRPC 966 ## $lBN$mFGMON$sS.A. 193586 V.$x1 971 ## $cabrito$d20260313 973 ## $cmlsousa$d20260414
|
|
|